Statystyki dla Najwięcej Meczy w Reprezentacji - Polska

Kliknij tutaj aby rozwiązać quiz!

Ogólne statystyki

  • Ten quiz został rozwiązany 3 240 razy
  • Średni wynik to 16 z 50

Statystyki odpowiedzi

MiejsceZawodnikL. Meczy% Poprawnych
2.Robert Lewandowski104
100%
17.Mariusz Lewandowski66
96%
1.Jakub Błaszczykowski106
85%
17.Kamil Glik66
80%
10.Zbigniew Boniek80
77%
4.Grzegorz Lato100
73%
20.Łukasz Piszczek65
72%
28.Grzegorz Krychowiak61
69%
5.Kazimierz Deyna97
67%
20.Artur Boruc65
64%
31.Jerzy Dudek60
62%
17.Kamil Grosicki66
59%
31.Jacek Zieliński60
55%
31.Włodzimierz Smolarek60
52%
23.Jan Tomaszewski63
43%
3.Michał Żewłakow102
43%
11.Włodzimierz Lubański75
40%
6.Jacek Krzynówek96
38%
25.Tomasz Hajto62
35%
28.Andrzej Szarmach61
31%
6.Jacek Bąk96
29%
13.Maciej Żurawski72
28%
42.Maciej Rybus53
26%
8.Władysław Żmuda91
21%
40.Jerzy Gorgoń55
19%
25.Robert Gadocha62
18%
31.Marcin Wasilewski60
17%
12.Tomasz Wałdoch74
16%
15.Roman Kosecki69
15%
20.Dariusz Dudka65
14%
15.Tomasz Kłos69
14%
28.Henryk Kasperczak61
12%
47.Kamil Kosowski52
11%
35.Lucjan Brychczy58
11%
14.Piotr Świerczewski70
11%
23.Dariusz Dziekanowski63
10%
9.Antoni Szymanowski82
9%
42.Edward Szymkowiak53
9%
42.Paweł Janas53
9%
49.Andrzej Buncol51
7%
37.Jan Urban57
7%
50.Krzysztof Warzycha50
5%
37.Lesław Ćmikiewicz57
4%
37.Stanisław Oślizło57
4%
42.Dariusz Wdowczyk53
3%
25.Roman Wójcicki62
3%
35.Ryszard Tarasiewicz58
3%
40.Waldemar Matysik55
3%
47.Józef Wandzik52
2%
42.Marek Dziuba53
2%

Rozkład punktacji

Percentyl według liczby udzielonych odpowiedzi

Procent ludzi z każdym wynikiem

Twoja historia wyników

Nie rozwiązałeś tego quizu